00337nam a2200121Ia 4500008004100000041000800041082001700049100001700066245003500083260004500118300001000163520004200173240719s9999 xx 000 0 und d aeng a658.3124 TRA aTracy, Brian aCreativity And Problem Solving aNew DelhibManjul Publishing Housec2018 a107 P aFaculty Purchase By Dr. Senthil Kumar